00820nam a22002657a 4500001000700000003000900007005001700016007000700033008004600040020001500086040002200101092001700123100003500140245005000175260004200225300003400267490001400301500002800315500002400343830001400367942001200381952010400393956004000497999001700537000402DO-SdBNP20160719132437.0000402160719b nyu 1998 ||||| |||| 00| 0 spa d a0590036467 aBPMSUbspacBPMSU axxxxxbxxxxx1 a Applegate, Katherine,d1956- 10aThe Hork-Bajir chronicles /cK. A. Applegate. aNew York :bScholastic, c1998.g1999 axiv, 206 p. : bil. ;c20 cm.1 aAnimorphs aIncluye datos del autor aAn Apple paperback. 0aAnimorphs 2ddccBK 00102ddc40708EXTaBPMETbBPMETd2016-07-19eFUNDIl0pBPMSU16070544r2016-07-19w2016-07-19yBK 2LOPEREZ3106201607198BPMSUa00041 c10945d10945